| 000 | 00925 a2200205 4500 | ||
|---|---|---|---|
| 001 | 36739 | ||
| 005 | 20260407155640.0 | ||
| 008 | 260407a1979 arg spa d | ||
| 003 | AR-UNSa-BCEJYS | ||
| 040 |
_aAR-UNSa-BCEJYS _bspa _cAR-UNSa-BCEJYS |
||
| 080 |
_a658.512.2 _xDiseño. Desarrollo, construcción de productos. Diseño industrial |
||
| 245 | 1 | 0 | _aSistemas integrados de fabricación |
| 020 | _a968-18-0148-2 | ||
| 264 | 1 |
_aMéxico : _bLimusa _c1979 |
|
| 300 |
_a177 p. _c23 cm. |
||
| 505 | _a1. Sistema de fabricación - 2. Representación visual del sistema de fabricación - 3. Secuencia de trabajo en gráfica Gzinto - 3. Técnica de asignación de requerimiento de producción (PART) - 5. Elementos principales del sistema integrado - 6. Sistema dinámico integrado - 7. Implementación del sistema integrado - Indice | ||
| 942 | _cBK | ||
| 590 | _aniveau_biblio:m niveau_hierar:0 | ||
| 100 | 1 | _aMartino, R.L. | |
| 999 |
_c2675 _d2675 |
||